Missing Word: Jack Nicholson Quiz Stats

Quiz Updated Mar 5, 2016

Challenge
Share
Tweet
Embed
Score 0/20 Timer 02:00
0 Plays Today
Movie Missing Word % Correct
As Good As It _____Gets
95.8%
A Few _____ MenGood
95%
One _____ Over the Cuckoo's NestFlew
94.5%
Something's Gotta _____Give
93.8%
_____ of EndearmentTerms
88.8%
_____ ManagementAnger
85.3%
The Little _____ of HorrorsShop
82%
_____ Attacks!Mars
75.7%
The _____ ListBucket
72.6%
The Postman Always _____ TwiceRings
66.8%
Movie Missing Word % Correct
The _____ of EastwickWitches
66.8%
Easy _____Rider
58.6%
Broadcast _____News
44.5%
Carnal _____Knowledge
42.4%
Prizzi's _____Honor
39.2%
Five _____ PiecesEasy
38%
On a Clear Day You Can See _____Forever
35.1%
About _____Schmidt
32.6%
The Two _____Jakes
11.4%
The _____ GuardCrossing
8.2%

Today's Daily Dose

Missing Word
1971 Movies A-Z

Word Ladder
Complete Tour

Quick Pick
Logo Colors

On This Day
January 19th

You're not logged in!

Compare scores with friends on all Sporcle quizzes.
Sign Up with Email
OR
Log In

You Might Also Like...

Show Comments

Extras

Top Quizzes Today


Score Distribution

Your Account Isn't Verified!

In order to create a playlist on Sporcle, you need to verify the email address you used during registration. Go to your Sporcle Settings to finish the process.